| 000 | 00476nam a2200169Ia 4500 | ||
|---|---|---|---|
| 003 | GCL | ||
| 008 | 140319s9999 xx 000 0 eng d | ||
| 040 |
_aGCL / _cGCL |
||
| 082 | 0 | 4 |
_aCH _b823 _bO H |
| 100 | 1 | _aOTTENHEIMER, PUBLISHERS INC | |
| 245 | 1 | 0 |
_aHOW IT WORKS IN THE COUNTRY ? / _cOTTENHEIMER, PUBLISHERS INC |
| 260 |
_a[S.N] : _bOTTENHEIMER PUBLISHERS, INC |
||
| 650 | 0 | 4 | _aENGLISH LITERATURE |
| 650 | 0 | 4 | _aCHILDREN |
| 650 | 0 | 4 | _aCHILDREN - FICTION |
| 942 |
_2ddc _cBK |
||
| 999 |
_c15051 _d15051 |
||